Uplynulú vykurovaciu sezónu ovplyvnila miernejšia zima

Slovensko počas zimnej vykurovacej sezóny (október – marec) zaznamenalo o takmer jedno percento vyššiu spotrebu plynu oproti predchádzajúcej zimnej sezóne, a to aj napriek tomu, že priemerná teplota bola v tejto vykurovacej sezóne vyššia o takmer 1,7 stupňa v porovnaní s päťročným priemerom. Vyplýva...

Descrizione completa

Salvato in:
Dettagli Bibliografici
Autore principale: Kvasňovský, Richard
Natura: Capitolo di libro
Lingua:slovacco
Soggetti:
Tags: Aggiungi Tag
Nessun Tag, puoi essere il primo ad aggiungerne!!

MARC

LEADER 00000naa a2200000 4500
001 0303329
005 20240801124157.3
041 0 |a slo 
044 |a SK 
245 1 0 |a Uplynulú vykurovaciu sezónu ovplyvnila miernejšia zima  |c Richard Kvasňovský 
520 |a Slovensko počas zimnej vykurovacej sezóny (október – marec) zaznamenalo o takmer jedno percento vyššiu spotrebu plynu oproti predchádzajúcej zimnej sezóne, a to aj napriek tomu, že priemerná teplota bola v tejto vykurovacej sezóne vyššia o takmer 1,7 stupňa v porovnaní s päťročným priemerom. Vyplýva z informácii spoločnosti SPP-distribúcia. 
610 2 0 |a plyn zemný 
610 2 0 |a sezónnosť 
610 2 0 |a priemysel plynárenský 
610 2 0 |a Slovensko 
610 2 0 |a domácnosti 
100 1 |a Kvasňovský, Richard